Insolvency: time for landlords to be enterprising (Record no. 72247)

MARC details
000 -LEADER
fixed length control field 01177cam a2200253 4500
001 - CONTROL NUMBER
control field ABS66445
008 - FIXED-LENGTH DATA ELEMENTS--GENERAL INFORMATION
fixed length control field 030306n2003 000 0 eng u
035 ## - SYSTEM CONTROL NUMBER
System control number (Sirsi) u121548
100 ## - MAIN ENTRY--PERSONAL NAME
Personal name Gattegno, J.
245 ## - TITLE STATEMENT
Title Insolvency: time for landlords to be enterprising
260 ## - PUBLICATION, DISTRIBUTION, ETC.
Date of publication, distribution, etc. 2003
490 ## - SERIES STATEMENT
Series statement Estates Gazette
Volume/sequential designation (0308) 22 February 2003, 122-123(2)
520 ## - SUMMARY, ETC.
Summary, etc. Legislative changes are likely to lead to increased administration for landlords. The Insolvency Act 2000 and the Enterprise Act 2002 both lead to changes. The Insolvency Act 2000 has removed the landlord's right to forfeit a lease by peaceable re-entry and is no longer able to distrain for rent or forfeit peaceable re-entry when a tenant has a voluntary arrangement. The Enterprise Act 2002 removes the lender's ability to appoint an administrative receiver with two exceptions.
590 ## - LOCAL NOTE (RLIN)
Local note ABS
650 ## - SUBJECT ADDED ENTRY--TOPICAL TERM
Topical term or geographic name entry element LANDLORD AND TENANT
9 (RLIN) 6252
650 ## - SUBJECT ADDED ENTRY--TOPICAL TERM
Topical term or geographic name entry element INSOLVENCY ACT 2000
650 ## - SUBJECT ADDED ENTRY--TOPICAL TERM
Topical term or geographic name entry element ENTERPRISE ACT 2002
650 ## - SUBJECT ADDED ENTRY--TOPICAL TERM
Topical term or geographic name entry element VOLUNTARY ARRANGEMENTS
650 ## - SUBJECT ADDED ENTRY--TOPICAL TERM
Topical term or geographic name entry element FORFEITURE LEASES
650 ## - SUBJECT ADDED ENTRY--TOPICAL TERM
Topical term or geographic name entry element PEACEABLE RE-ENTRY
690 ## - LOCAL SUBJECT ADDED ENTRY--TOPICAL TERM (OCLC, RLIN)
Topical term or geographic name as entry element PROPERTY-LANDLORD AND TENANT
700 ## - ADDED ENTRY--PERSONAL NAME
Personal name Godfrey, P.
942 ## - ADDED ENTRY ELEMENTS (KOHA)
Suppress in OPAC 0
Holdings
Withdrawn status Lost status Source of classification or shelving scheme Damaged status Not for loan Home library Current library Shelving location Date acquired Total Checkouts Full call number Barcode Date last seen Copy number Price effective from Koha item type
    Dewey Decimal Classification     London London Journal article 06/03/2003   ABS66445 121548-1001 06/08/2019 1 06/08/2019 Journal article